000 00345nam a2200157Ia 4500
003 Ost
005 20260225132542.0
008 260225s9999||||xx |||||||||||||| ||und||
040 _cfsic
041 _afre
082 _a304.6
100 _aThéo Kahan
_eAuteur
245 0 _aLes ondes Hertziennes /
245 0 _cThéo Kahan
942 _cكتاب
999 _c33573
_d33573